|
|
|
|
| LEADER |
00574nam a22001577a 4500 |
| 003 |
OSt |
| 005 |
20200624134508.0 |
| 008 |
150916b xxu||||| |||| 00| 0 eng d |
| 082 |
|
|
|a 332 MAN/M
|
| 100 |
|
|
|a Mankar, V. G.
|
| 245 |
|
|
|a Money, banking, employment theory, international trade and public finance /
|c V. G. Mankar, V. A. Avadhani
|
| 260 |
|
|
|a Bombay :
|b Himalaya,
|c 1990
|
| 300 |
|
|
|a 731p.
|
| 942 |
|
|
|2 ddc
|c BK
|
| 999 |
|
|
|c 321833
|d 321833
|
| 952 |
|
|
|0 0
|1 0
|2 ddc
|4 0
|6 332_000000000000000_MAN_M
|7 0
|9 368272
|a CSC
|b CSC
|c ST1
|d 2015-09-16
|i 6457
|l 0
|o 332 MAN/M
|p CSC6457
|r 2015-09-16
|w 2015-09-16
|y BK
|